[Event "Novosibirsk Sukharev Memorial Seniors"]
[Site "Novosibirsk"]
[Date "2011.07.20"]
[Round "3"]
[White "Abanin, Vladimir"]
[Black "Klimov, Valery"]
[Result "1-0"]
[WhiteElo "1840"]
[BlackElo "1894"]
[PlyCount "65"]
[EventDate "2011.07.18"]
[EventType "swiss"]
[EventRounds "9"]
[EventCountry "RUS"]
[SourceTitle "EXT 2014"]
[Source "ChessBase"]
[SourceDate "2013.11.20"]
[SourceVersion "1"]
[SourceVersionDate "2013.11.20"]
[SourceQuality "1"]

1. e4 c5 2. d4 e6 3. Nc3 cxd4 4. Qxd4 Nc6 5. Qa4 d6 6. Bf4 e5 7. Be3 Bd7 8. 0-0-0 Nf6 9. f3 Be7 10. h4 a6 11. Qb3 b5 12. Nd5 Nxd5 13. exd5 Na5 14. Qb4 Rc8 15. b3 Qc7 16. Rd2 Bf5 17. c4 Rb8 18. Rb2 bxc4 19. Qc3 Bf6 20. b4 e4 21. Bd4 Bxd4 22. Qxd4 c3 23. Rc2 exf3 24. Qe3+ Kd8 25. Rxc3 fxg2 26. Bxg2 Nc4 27. Qf4 Qe7 28. Nf3 Qf6 29. Qxc4 Rc8 30. Qxc8+ Bxc8 31. Rxc8+ Ke7 32. Re1+ Kd7 33. Bh3+ 1-0

[Event "Novosibirsk Sukharev Memorial Seniors"]
[Site "Novosibirsk"]
[Date "2011.07.19"]
[Round "2"]
[White "Klimov, Valery"]
[Black "Gavrilov, Gennady"]
[Result "0-1"]
[WhiteElo "1894"]
[BlackElo "2136"]
[PlyCount "80"]
[EventDate "2011.07.18"]
[EventType "swiss"]
[EventRounds "9"]
[EventCountry "RUS"]
[SourceTitle "EXT 2014"]
[Source "ChessBase"]
[SourceDate "2013.11.20"]
[SourceVersion "1"]
[SourceVersionDate "2013.11.20"]
[SourceQuality "1"]

1. e4 e6 2. d4 c5 3. Nf3 cxd4 4. Nxd4 Nf6 5. Nc3 d6 6. Qe2 Qb6 7. Nb3 Nc6 8. Be3 Qd8 9. 0-0-0 Bd7 10. g4 h5 11. f3 hxg4 12. f4 e5 13. f5 a6 14. Bg5 g3 15. h4 Be7 16. Bg2 Rc8 17. Kb1 Na5 18. Nxa5 Qxa5 19. Nd5 Bb5 20. Qf3 Bc4 21. Nc3 Nh5 22. Bxe7 Kxe7 23. b3 Bxb3 24. cxb3 Rxc3 25. Rd5 Rxf3 26. Rxa5 Rf2 27. Bf1 g2 28. Bxg2 Rxg2 29. Rc1 Rd8 30. b4 Nf6 31. b5 axb5 32. Rxb5 Rd7 33. a4 Nxe4 34. a5 Nc5 35. Rh1 Kf6 36. Rd1 Ne4 37. Rc1 Kxf5 38. Rb4 d5 39. Rf1+ Rf2 40. Rg1 Nc3+ 0-1

[Event "Novosibirsk Seniors op"]
[Site "Novosibirsk"]
[Date "2010.09.30"]
[Round "6"]
[White "Klimov, Valery"]
[Black "Volkov, Petr"]
[Result "1/2-1/2"]
[WhiteElo "1940"]
[BlackElo "2064"]
[PlyCount "84"]
[EventDate "2010.09.24"]
[EventType "swiss"]
[EventRounds "9"]
[EventCountry "RUS"]
[SourceTitle "EXT 2014"]
[Source "ChessBase"]
[SourceDate "2013.11.20"]
[SourceVersion "1"]
[SourceVersionDate "2013.11.20"]
[SourceQuality "1"]

1. e4 e5 2. Nf3 Nc6 3. d4 exd4 4. Bc4 Nf6 5. 0-0 Bc5 6. e5 Ng4 7. c3 d5 8. Bb3 d3 9. Qxd3 0-0 10. Bf4 Re8 11. Nbd2 Ngxe5 12. Qxd5 Qxd5 13. Bxd5 Nxf3+ 14. Nxf3 Ne7 15. Bb3 c6 16. Rfe1 Rf8 17. h3 Nd5 18. Bg3 Be6 19. Ng5 Rfe8 20. Rad1 h6 21. Ne4 Bf8 22. Nd6 Bxd6 23. Bxd6 f6 24. c4 Nb6 25. Rc1 Bf7 26. Kf1 Rxe1+ 27. Kxe1 Re8+ 28. Kf1 Re4 29. c5 Nd5 30. Re1 Rxe1+ 31. Kxe1 Be6 32. Kd2 Kf7 33. Bc2 Nb4 34. a3 Nxc2 35. Kxc2 h5 36. Kd3 Bd5 37. f3 Ke6 38. Kd4 g5 39. b4 g4 40. hxg4 hxg4 41. Ke3 gxf3 42. gxf3 Bb3 1/2-1/2

[Event "Novosibirsk op"]
[Site "Novosibirsk"]
[Date "2010.06.09"]
[Round "6"]
[White "Beljdy, Alexander"]
[Black "Klimov, Valery"]
[Result "1-0"]
[WhiteElo "1922"]
[BlackElo "1924"]
[PlyCount "123"]
[EventDate "2010.06.03"]
[EventType "swiss"]
[EventRounds "9"]
[EventCountry "RUS"]
[SourceTitle "CBM 136 Extra"]
[Source "ChessBase"]
[SourceDate "2010.07.02"]
[SourceVersion "2"]
[SourceVersionDate "2010.07.15"]
[SourceQuality "1"]

1. e4 e5 2. Nf3 Nc6 3. Bb5 Bc5 4. 0-0 Nd4 5. Nxd4 Bxd4 6. c3 Bb6 7. d4 c6 8. Ba4 d6 9. dxe5 dxe5 10. Qh5 Qe7 11. Bg5 Nf6 12. Qh4 Bd7 13. Nd2 0-0-0 14. Nc4 Bc7 15. Ne3 h6 16. Bxf6 Qxf6 17. Qxf6 gxf6 18. Bb3 Rh7 19. Rfd1 Rg7 20. Kf1 h5 21. Rd2 Rdg8 22. Rad1 Be6 23. Bxe6+ fxe6 24. g3 Bb6 25. Nc4 Bc7 26. Ke2 h4 27. a4 hxg3 28. hxg3 Rg4 29. Kf3 f5 30. Nd6+ Kb8 31. exf5 exf5 32. Nxf5 Rxa4 33. Kg2 Re8 34. Nh4 a5 35. Nf3 Re4 36. Re1 Rxe1 37. Nxe1 b5 38. Re2 b4 39. cxb4 axb4 40. Nd3 b3 41. Nc5 Ka7 42. Nxb3 Kb6 43. f3 Kb5 44. Re4 c5 45. g4 Rd8 46. Re2 Kc4 47. Nd2+ Kd3 48. Rf2 Ba5 49. Ne4 c4 50. Nc5+ Ke3 51. Nb7 Rd2 52. Rxd2 Bxd2 53. Nd6 Kd3 54. Ne4 Bc1 55. g5 Kc2 56. g6 Bh6 57. Nd6 c3 58. bxc3 Kxc3 59. Nf5 Bf8 60. g7 Bxg7 61. Nxg7 Kd3 62. Ne6 1-0

[Event "Novosibirsk op 04"]
[Site "Novosibirsk"]
[Date "2009.04.13"]
[Round "8"]
[White "Sydykova, Tamara"]
[Black "Klimov, Valery"]
[Result "0-1"]
[WhiteElo "1787"]
[BlackElo "1928"]
[PlyCount "86"]
[EventDate "2009.04.03"]
[EventType "swiss"]
[EventRounds "9"]
[EventCountry "RUS"]
[SourceTitle "EXT 2012"]
[Source "ChessBase"]
[SourceDate "2011.11.24"]
[SourceVersion "1"]
[SourceVersionDate "2011.11.24"]
[SourceQuality "1"]

1. d4 Nf6 2. Nf3 g6 3. c4 Bg7 4. Nc3 0-0 5. e4 d6 6. Bg5 h6 7. Bh4 c5 8. dxc5 Qa5 9. Bxf6 Bxf6 10. Qd2 dxc5 11. Be2 Nc6 12. 0-0 Bg7 13. Rac1 Bg4 14. Qf4 Bxf3 15. Bxf3 Kh7 16. a3 Rad8 17. h4 Be5 18. Qg4 h5 19. Qh3 Nd4 20. Nd5 e6 21. Nc3 Rd7 22. Bd1 Rfd8 23. g4 hxg4 24. Qxg4 Rg8 25. Kh1 Qd8 26. f4 f5 27. exf5 exf5 28. Qh3 Bf6 29. h5 g5 30. Bc2 g4 31. Qe3 Nxc2 32. Rxc2 Bd4 33. Qg3 Bxc3 34. Rxc3 Re8 35. Rc2 Rd3 36. Qf2 Ree3 37. Qg1 Qh4+ 38. Rh2 Rh3 39. Rff2 g3 40. Re2 Rxh2+ 41. Rxh2 Qxh2+ 42. Qxh2 gxh2 43. Kxh2 Kh6 0-1